Europe : Durée potentielle de retraite pour les femmes - Statistiques

Statistiques générales
  • Ce quiz a été pris 9 fois
  • Le résultat moyen est 2 sur 26
Statistiques - réponses
Hint Réponse % Correct
Lituanie 21.4
50%
Estonie 20.3
17%
Suède 21.5
17%
Norvège 22.3
17%
Autriche 25
17%
Grèce 25.9
17%
France 27.3
17%
Islande 20.2
0%
Portugal 21.1
0%
Lettonie 21.2
0%
Irlande 21.6
0%
Hongrie 22.4
0%
Royaume-Uni 22.4
0%
Allemagne 22.5
0%
Danemark 22.5
0%
Tchéquie 23.1
0%
Pays-Bas 23.2
0%
Suisse 23.2
0%
Finlande 23.2
0%
Slovaquie 23.6
0%
Pologne 24.2
0%
Slovénie 25.2
0%
Luxembourg 25.4
0%
Belgique 25.8
0%
Italie 25.9
0%
Espagne 26.2
0%
Aucun quiz correspondant
Distribution des résultats
% des personnes avec chaque résultat
Percentile par nombre de réponses
Votre historique - résultats
Vous n’avez pas pris ce quiz